Word Ladder: Appropriate Opposites Quiz Stats

 Plays Quiz Updated Jan 6, 2018

Score 0/20 Timer 03:00
0 Plays Today
Hint 5-Letter Word % Correct
People with this name include basketballer Bird and CNNer KingLARRY
89.3%
Devoted blue-haired wife of HomerMARGE
89.1%
Tote, or bear within oneself, as an unborn childCARRY
86.7%
To combine, or immerseMERGE
83.5%
It can refer to Unsinkable _____ Brown, or it can be slang for the drug ecstasyMOLLY
82.9%
Full of high spirits; convivial. The word is often associated with Christmastime and Santa ClausJOLLY
82.7%
Poem partVERSE
82.5%
Old, antiquated, or fusty; also, what bread becomes if you leave it on the counter too longMOLDY
81.6%
British name for a truck used to transport freight and cargoLORRY
81.4%
Wilkes-_____, Pennsylvania, or a stationary ballet handrailBARRE
79.9%
Hint 5-Letter Word % Correct
British novelist of “Smiley’s People,” John le _____CARRÉ
79.7%
What Gaston’s roughly the size ofBARGE
78.7%
Brink or thresholdVERGE
78.1%
Having full or saggy flesh around the lower cheeks and jaw, like a bulldogJOWLY
74.3%
In a humble manner; or, not in a high position, manner, or degreeLOWLY
73.2%
Curt●TERSE●
72.3%
Newbery medalist for “Number the Stars” and “The Giver,” author Lois _____LOWRY
70.7%
Temperamental or subject to depression. Harry Potter fans will associate this word with an Auror’s catchphrase: “constant vigilance!”MOODY
67.5%
Of a verbosity excessive in nature, tending to obfuscate the intrinsic meaning of statements by using more verbiage than required●WORDY●
62.4%
Containing or comprised of fibers made mostly of xylem that form the branches and roots of trees and shrubsWOODY
61.8%

Today's Daily Dose

You're not logged in!

Compare scores with friends on all Sporcle quizzes.
OR
Log In

You Might Also Like...

Show Comments

Extras

Top Quizzes Today


Score Distribution

Your Account Isn't Verified!

In order to create a playlist on Sporcle, you need to verify the email address you used during registration. Go to your Sporcle Settings to finish the process.

Report this User

Report this user for behavior that violates our Community Guidelines.

Details: